000 00710nam a2200289Ia 4500
005 20260324115748.0
008 008 260324s9999 xx 000 0 eng d
020 _a9781315367576
037 _aEBOOK
040 _aCRL
040 _beng
040 _cCRL
041 _2eng
041 _aeng
084 _qCRL
100 _aMeikang Qiu; Keke Gai; Wenyun Dai
_91155913
245 0 _aMobile Applications Development with Android
245 0 _bTechnologies and Algorithms
260 _bTaylor and Francis
260 _c2016
365 _a
365 _b160
856 _uhttp://www.taylorfrancis.com/books/9781315367576
942 _cEBOOK
999 _c1747021
_d1747021